000 01092nam a22003857a 4500
001 0036641
003 KOHA_MİRAKIL
005 20260207003012.0
007 ta
008 120430b2008 tu |||gr||||#||||0|tur |
020 _a6053951250
_q9786053951254
040 _aTR-BiSEU
_btur
_cTR-BiSEU
_erda
041 0 _atur
044 _ctu
050 _aQA320
_b.S69 2008
100 1 _aSoykan, Yüksel.
245 1 _aFonksiyonel analiz/
_cYüksel Soykan ; Yüksel Soykan.
250 _a1.basım.
264 1 _aAnkara :
_bNobel Yayın Dağıtım
_c2008
300 _a504 s.; 24 cm.
336 _ametin
_btxt
_2rdacontent
337 _aaracısız
_bn
_2rdamedia
338 _acilt
_bnc
_2rdacarrier
490 1 _aNobel ;
_vyayın no.
490 1 _a1328.
490 1 _a Matematik-istatistik ;
_v51.
500 _aDizin var.
500 _aKaynakça var.
650 0 _aFonksiyonel analiz.
_927874
650 0 _aFunctional analysis.
_969311
830 1 _aNobel ;
_vyayın no.
_91846
830 1 _a1328.
_930984
830 1 _a Matematik-istatistik ;
_v51.
_969309
942 _2lcc
_cBK
999 _c36533
_d36533